[Event "Montreal International"]
[Site "Montreal"]
[Date "1979.04.11"]
[Round "1"]
[White "Portisch, Lajos"]
[Black "Hort, Vlastimil"]
[Result "1-0"]
[WhiteElo "2640"]
[BlackElo "2600"]
[Annotator "ChessBase"]
[PlyCount "101"]
[EventDate "1979.04.11"]
[EventType "tourn"]
[EventRounds "18"]
[EventCountry "CAN"]
[EventCategory "15"]
[SourceTitle "MCL"]
[Source "ChessBase"]
[SourceDate "1999.07.01"]
[SourceVersion "1"]
[SourceVersionDate "1999.07.01"]
[SourceQuality "1"]

1. d4 Nf6 2. c4 g6 3. Nc3 Bg7 4. e4 d6 5. f3 O-O 6. Be3 c6 7. Bd3 a6 8. Nge2
Nbd7 9. O-O b5 10. Qd2 (10. b3 Re8 11. Qd2 e6 {Planinc} 12. Rad1 Qe7 13. Bg5 $6
(13. Bh6 $14 {Hort}) 13... Qf8 $1 $10 {Hort,V-Planinc,A/Madrid/1973/}) 10...
Re8 (10... bxc4 11. Bxc4 Nb6 12. Bd3 $5 a5 13. Bh6 $1 Nfd7 14. Bxg7 Kxg7 15. f4
d5 16. f5 $14 {Portisch,L-Jansa,V Budapest 1970}) 11. Rad1 e6 {cf. 10.b3
Hort-Planinc} 12. a3 Qe7 13. Nc1 $1 bxc4 14. Bxc4 Nb6 15. Be2 Nfd7 16. b4 a5
17. Nb3 axb4 18. axb4 Ba6 19. Na5 Rec8 20. Rb1 Bxe2 21. Nxe2 c5 $5 22. b5 (22.
dxc5 $5 dxc5 23. b5 $14 (23. bxc5 $2 Rxc5 $1 24. Bxc5 $2 Qxc5+ 25. Kh1 Qxa5 $15
)) 22... c4 23. Nc6 Qe8 24. Bf4 d5 25. Nc3 Qf8 26. Rfe1 {/\27.ed5 ed5 28.Ne7+}
Re8 27. Qf2 $6 Qa3 $2 {(+)} (27... Ra3 $1 28. Re3 e5 29. dxe5 Nxe5 $1) 28. Re3
$1 Qf8 29. Rbe1 {/\ed5,Ne7} dxe4 (29... e5 $2 30. dxe5 Bxe5 $1 31. Bxe5 $1 Nxe5
32. exd5 (32. Nxe5 d4 $5 33. R3e2 dxc3 34. Nxg6 $18 {/\Qb6}) 32... Nd3 33. Rxe8
Rxe8 34. Rxe8 Qxe8 35. Qe2 $16) 30. Nxe4 Nf6 31. Qh4 Nxe4 32. fxe4 Nd7 33. Rh3
h5 34. Bd2 Ra4 $2 {>= Ra2} (34... Ra2 35. Bb4 Bxd4+ $1) 35. Rf3 f5 $6 36. Qg3
Kh7 37. Qc7 Nf6 38. Bg5 Rc8 (38... Nxe4 39. Rxe4) (38... fxe4 39. Rxf6) 39. Qb7
(39. exf5) 39... Ra2 $4 (39... Rca8 $142 {/\ Ra1}) 40. Bxf6 $1 Qxf6 41. Qxc8
Qg5 42. Rf2 (42. Rg3 Qd2 43. Rf1 f4 $1 44. Rxg6 Kxg6 45. Qxe6+ Kh7 46. Qf5+ Kh6
47. Qxf4+ Qxf4 48. Rxf4 c3 49. Rf1 Rd2 $13 50. e5 Bf8 $1 (50... c2 51. Nb4) 51.
b6 c2 52. Na5 Rxd4 53. b7 $2 Bc5 $1 $19) 42... Rxf2 43. Kxf2 Qf4+ 44. Kg1 Qd2
45. Rf1 Qe3+ 46. Kh1 Qe2 47. Ra1 c3 48. exf5 exf5 (48... c2 49. Qxe6 Qd1+ 50.
Qe1) 49. Rg1 $1 f4 50. Ne5 c2 51. Nf3 1-0

[Event "Murcia m"]
[Site "Murcia"]
[Date "1990.??.??"]
[Round "1"]
[White "Psakhis, Lev"]
[Black "Kasparov, Garry"]
[Result "0-1"]
[WhiteElo "2575"]
[BlackElo "2800"]
[Annotator "Knaak,R"]
[PlyCount "71"]
[EventDate "1990.??.??"]
[EventType "match"]
[EventRounds "6"]
[EventCountry "ESP"]
[SourceTitle "CBM 020"]
[Source "ChessBase"]
[SourceDate "1991.02.01"]
[SourceVersion "1"]
[SourceVersionDate "1991.02.01"]
[SourceQuality "1"]

1. c4 g6 2. e4 Bg7 3. d4 d6 4. Nc3 Nf6 5. f3 O-O 6. Be3 Nbd7 7. Bd3 c5 8. Nge2
cxd4 9. Nxd4 e6 10. O-O d5 11. exd5 exd5 12. Bf2 Ne5 13. c5 Nfd7 $1 (13... Nh5
14. Nce2 Qg5 15. Kh1 Bd7 16. Rc1 $14 {Razuvaev-Lerner/Moscov/1987}) 14. Be2 (
14. b4 $5) 14... Nxc5 $10 15. Ndb5 b6 16. Nxd5 Bf5 17. Nd4 $6 Bd3 $1 18. Bxd3
Qxd5 19. Bc2 Rad8 20. Qe2 Rfe8 21. Rfe1 Nxf3+ 22. Qxf3 Rxe1+ 23. Rxe1 Bxd4 24.
Qxd5 Rxd5 25. Re2 Bxb2 26. Bxc5 Rxc5 27. g3 b5 28. Kg2 Be5 29. Bb3 a5 30. Rf2
Rc7 31. Re2 Bc3 32. Re8+ Kg7 33. Rb8 a4 34. Bd5 Rc5 35. Be4 b4 36. Bc2 0-1

[Event "Linares 09th"]
[Site "Linares"]
[Date "1991.??.??"]
[Round "1"]
[White "Beliavsky, Alexander G"]
[Black "Gurevich, Mikhail"]
[Result "1-0"]
[WhiteElo "2640"]
[BlackElo "2650"]
[Annotator "Anand,V"]
[PlyCount "121"]
[EventDate "1991.02.??"]
[EventType "tourn"]
[EventRounds "13"]
[EventCountry "ESP"]
[EventCategory "17"]
[SourceTitle "CBM 022"]
[Source "ChessBase"]
[SourceDate "1991.06.01"]
[SourceVersion "1"]
[SourceVersionDate "1991.06.01"]
[SourceQuality "1"]

1. d4 {Knaak} Nf6 2. c4 g6 3. Nc3 Bg7 {A recent addition to Gurevich's
repertoire.} 4. e4 d6 5. f3 O-O 6. Be3 Nbd7 7. Nh3 c6 (7... e5 {Knaak} 8. d5
Nh5 9. Qd2 $14) 8. Be2 e5 9. d5 cxd5 10. cxd5 a6 11. O-O b5 12. Nf2 Nb6 $2 {
Mikhail makes an involuntary error} (12... Nh5) 13. a4 {Of course.Now 13...b4
is met by 14.a5 and black's position is in shambles} bxa4 14. Nxa4 Nxa4 15.
Qxa4 $16 Bd7 16. Qa3 Qb8 17. Rfc1 Rc8 18. Rxc8+ Bxc8 19. Nd3 Bd7 20. Nb4 Bb5
21. Nc6 Qb7 22. Bxb5 Qxb5 23. Qb4 $1 Qe2 24. Re1 Qc2 25. Qb7 Rf8 26. Qxa6 Qxb2
27. Ne7+ Kh8 28. Qxd6 Qc3 29. Bf2 Nh5 30. Qc5 Qb2 31. g3 f5 {What else?} 32.
exf5 gxf5 33. d6 $18 Qd2 34. Rxe5 Bxe5 35. Qxe5+ Ng7 36. h4 Rf7 37. h5 h6 {
Now obvious tries don't work but Beliavsky finds a nice way} 38. Qa1 $1 Kh7 39.
Qa8 Rxe7 40. dxe7 Qe2 41. Qf8 f4 42. Qxf4 Qxe7 43. Be3 Qe6 44. g4 Ne8 45. Kf2
Nd6 46. Bd4 Nf7 47. Qf6 Qxf6 48. Bxf6 Nd6 49. Ke3 Nc4+ 50. Kd3 Nd6 51. Kd4 Nb5+
52. Kd5 Na3 53. Be7 Nb5 54. Bd6 Kg7 55. Be5+ Kf7 56. f4 Kg8 57. g5 hxg5 58.
fxg5 Kh7 59. g6+ Kh6 60. Ke6 Na7 61. g7 1-0

[Event "Linares 09th"]
[Site "Linares"]
[Date "1991.??.??"]
[Round "2"]
[White "Beliavsky, Alexander G"]
[Black "Ehlvest, Jaan"]
[Result "1-0"]
[WhiteElo "2640"]
[BlackElo "2650"]
[Annotator "Anand,V"]
[PlyCount "80"]
[EventDate "1991.02.??"]
[EventType "tourn"]
[EventRounds "13"]
[EventCountry "ESP"]
[EventCategory "17"]
[SourceTitle "CBM 022"]
[Source "ChessBase"]
[SourceDate "1991.06.01"]
[SourceVersion "1"]
[SourceVersionDate "1991.06.01"]
[SourceQuality "1"]

1. d4 {Knaak} Nf6 2. c4 g6 3. Nc3 Bg7 4. e4 d6 5. f3 O-O 6. Be3 Nbd7 7. Nh3 c6
8. Qd2 (8. Be2) 8... a6 9. Nf2 e5 10. Rd1 (10. d5 cxd5 11. cxd5 b5) 10... Nh5
$5 11. dxe5 (11. d5 c5 (11... cxd5 12. Qxd5)) 11... dxe5 12. Nd3 Qe7 13. Be2
Re8 14. O-O Nf8 15. Na4 Ne6 16. Nb6 Rb8 17. Rfe1 Nhf4 18. Bf1 Nxd3 19. Bxd3 Nd4
20. b4 Rd8 $10 21. c5 Be6 22. Qf2 a5 23. a3 Bb3 $6 24. Rd2 axb4 25. axb4 Bf6 $6
26. Bf1 Bg7 27. Rb1 Be6 28. f4 f5 29. Bxd4 Rxd4 30. Rxd4 exd4 31. e5 Rd8 32.
Rd1 g5 33. Rxd4 gxf4 34. Bc4 Bxc4 35. Nxc4 Rd5 36. Qxf4 Qd8 37. Rxd5 Qxd5 38.
h3 Bh6 39. Qxh6 Qxc4 40. Qg5+ Kf7 1-0

[Event "Munich SKA"]
[Site "Munich"]
[Date "1991.05.09"]
[Round "5"]
[White "Beliavsky, Alexander G"]
[Black "Gelfand, Boris"]
[Result "1/2-1/2"]
[WhiteElo "2640"]
[BlackElo "2700"]
[Annotator "Knaak,R"]
[PlyCount "48"]
[EventDate "1991.05.04"]
[EventType "tourn"]
[EventRounds "13"]
[EventCountry "GER"]
[EventCategory "14"]
[SourceTitle "CBM 023"]
[Source "ChessBase"]
[SourceDate "1991.08.01"]
[SourceVersion "1"]
[SourceVersionDate "1991.08.01"]
[SourceQuality "1"]

1. d4 {Gelfand} Nf6 2. c4 g6 3. Nc3 Bg7 4. e4 d6 5. f3 O-O 6. Be3 c5 7. dxc5
dxc5 8. e5 Nfd7 9. f4 f6 10. exf6 exf6 11. Be2 Qe8 $1 {N; 11...Nc6+/=
Portisch-Gelfand/Linares/1990/CBM17} 12. Bf2 (12. Qd2 $5) (12. Nd5 $5) 12...
Na6 $1 13. Nf3 Nb6 14. O-O Bh6 (14... Bf5 $5 {Gelfand}) (14... Bf5 $5 {Gelfand}
) 15. Qc1 (15. g3 {Gelfand} Bh3 16. Re1 Qc6 $15) (15. Qd2 {Gelfand} Bf5 $5 16.
b3 Rd8 17. Qc1 Qc6 $40) 15... Na4 $1 {Tauscht den Nc3, der nach b5 oder d5
sollte.} (15... Bf5 {Gelfand} 16. b3 Qc6 17. a3 Rad8 18. Ra2 $14) 16. Nxa4 (16.
Re1 {Gelfand} Nxc3 17. Qxc3 Qc6 $10) 16... Qxa4 $10 17. Re1 Bf5 18. Nh4 Be4 19.
Bd1 Qc6 20. Ba4 Qxa4 21. Rxe4 Rae8 (21... f5 {Gelfand} 22. Re7 Rae8 23. Rxb7
Re2 24. Qd1 $1) 22. b3 Qc6 23. Rxe8 Rxe8 24. Qd2 Nc7 1/2-1/2

[Event "World Cup"]
[Site "Reykjavik"]
[Date "1991.??.??"]
[Round "8"]
[White "Beliavsky, Alexander G"]
[Black "Ivanchuk, Vassily"]
[Result "1/2-1/2"]
[WhiteElo "2655"]
[BlackElo "2735"]
[Annotator "Knaak,R"]
[PlyCount "78"]
[EventDate "1991.09.??"]
[EventType "tourn"]
[EventRounds "15"]
[EventCountry "ISL"]
[EventCategory "16"]
[SourceTitle "CBM 026"]
[Source "ChessBase"]
[SourceDate "1992.02.01"]
[SourceVersion "1"]
[SourceVersionDate "1992.02.01"]
[SourceQuality "1"]

1. d4 Nf6 2. c4 g6 3. Nc3 Bg7 4. e4 d6 5. f3 O-O 6. Be3 c5 7. Nge2 Nc6 8. Qd2
e6 9. Rd1 b6 10. Bg5 h6 $1 11. Bxh6 Nxe4 {Typisches Motiv} 12. Nxe4 Qh4+ 13. g3
Qxh6 14. Qxh6 Bxh6 15. Nxd6 cxd4 16. Nxd4 Nxd4 17. Rxd4 Ba6 $44 18. Rd1 Bg7 19.
b3 Rfd8 20. Bg2 (20. c5 Bxf1 21. Rxf1 bxc5 22. Ke2 Bd4 $10) (20. Ne4 $5 f5 21.
Ng5 Bf6 22. h4 $13) 20... f5 $1 $10 21. f4 Rab8 22. a4 Bf8 23. Nb5 Bxb5 24.
axb5 Rxd1+ 25. Kxd1 Rd8+ 26. Ke2 Bb4 27. Rd1 Rxd1 28. Kxd1 Kf7 29. Bc6 Ke7 30.
Ke2 Bd6 31. Kf3 e5 32. fxe5 Bxe5 33. h3 Kf6 34. Be8 Bd6 35. g4 g5 36. Bd7 fxg4+
37. Kxg4 Bc5 38. Kh5 Bb4 39. Kh6 Bf8+ 1/2-1/2

[Event "Bundesliga 9293"]
[Site "Germany"]
[Date "1992.??.??"]
[Round "?.1"]
[White "Kramnik, Vladimir"]
[Black "Shirov, Alexei"]
[Result "1/2-1/2"]
[WhiteElo "2625"]
[BlackElo "2710"]
[Annotator "Shirov,A"]
[PlyCount "35"]
[EventDate "1992.10.24"]
[EventType "team-tourn"]
[EventRounds "15"]
[EventCountry "GER"]
[SourceTitle "CBM 032"]
[Source "ChessBase"]
[SourceDate "1993.02.01"]
[SourceVersion "1"]
[SourceVersionDate "1993.02.01"]
[SourceQuality "1"]
[WhiteTeam "Empor Berlin"]
[BlackTeam "Hamburger SK"]
[WhiteTeamCountry "GER"]
[BlackTeamCountry "GER"]

1. d4 Nf6 2. c4 g6 3. Nc3 Bg7 4. e4 d6 5. f3 O-O 6. Be3 c5 7. dxc5 dxc5 8. Qxd8
Rxd8 9. Bxc5 Nc6 10. Ba3 a5 11. Rd1 Be6 12. Nd5 Nb4 $1 {N} (12... Bxd5 $2 $16)
13. Nxe7+ (13. Bxb4 $2 axb4 14. Nxb4 Nd7 $1 15. Rd2 Nc5 $17) 13... Kh8 14.
Rxd8+ (14. Nd5 $5 Nc2+ (14... b5 $5 15. Bxb4 axb4 16. Nxb4 Rxd1+ 17. Kxd1 Bf8
$1 18. Nd5 Rxa2 $1 19. Kc2 $1 Bg7 20. Kb1 $1 Rxb2+ $5 (20... Ra7 $5 $44) 21.
Kxb2 Nxd5+ (21... Nxe4+ $5 22. Kc2 (22. Nc3 $2 Nxc3) 22... Nf2 $10) 22. Kc1 $1
Bh6+ 23. Kb1 Ne3 24. Ne2 Bxc4 25. Ng3 Bxf1 26. Nxf1 Nxg2 $14) 15. Kf2 Nxa3 16.
bxa3 b5 (16... Bf8 $5 17. Rb1 Nd7 $1 $44 {Kramnik,V}) 17. Nh3 bxc4 18. Bxc4
Rac8 19. Bb3 (19. Nb6 $5 Rxd1 20. Rxd1 Rxc4 21. Rd8+ Ng8 22. Nxc4 Bxc4 $13)
19... a4 20. Bxa4 Nxd5 21. exd5 Bxd5 $10) 14... Rxd8 15. Nd5 (15. Bxb4 $2 axb4
16. Nd5 Ra8 17. Nxb4 Nd7 $1 $15) 15... Nc2+ 16. Kd2 (16. Kf2 $5 Nxa3 17. bxa3
b5 (17... Nd7 $5 $44 {Kramnik,V}) 18. Nh3 Rc8 $5 (18... bxc4 19. Bxc4 Rc8 $1
20. Bb3 a4 21. Bxa4 Nxd5 22. exd5 Bxd5 23. Bb3 $140 Bxb3 24. axb3 Rc2+) 19.
Nhf4 (19. Nxf6 $6 Bxf6 20. cxb5 Bd4+ 21. Ke2 Rc1 $1 $44) 19... bxc4 20. Nxe6
fxe6 21. Nb6 Nxe4+ $1 22. Ke3 $1 Rc6 23. Kxe4 Rxb6 24. Bxc4 Rc6 25. Kd3 (25.
Bd3 Bb2 26. a4 Rc1 $10) (25. Bb5 Rc2) 25... Bf8 26. a4 Kg7 $10) 16... Nxa3 17.
bxa3 b5 18. Nh3 (18. Nh3 bxc4 19. Bxc4 Nxd5 20. exd5 Bxd5 21. Bxd5 Rxd5+ 22.
Ke2 $10) 1/2-1/2

[Event "Linares 11th"]
[Site "Linares"]
[Date "1993.??.??"]
[Round "13"]
[White "Kramnik, Vladimir"]
[Black "Gelfand, Boris"]
[Result "1-0"]
[WhiteElo "2685"]
[BlackElo "2690"]
[Annotator "Hansen,Cu"]
[PlyCount "105"]
[EventDate "1993.02.??"]
[EventType "tourn"]
[EventRounds "13"]
[EventCountry "ESP"]
[EventCategory "18"]
[SourceTitle "CBM 034"]
[Source "ChessBase"]
[SourceDate "1993.06.01"]
[SourceVersion "1"]
[SourceVersionDate "1993.06.01"]
[SourceQuality "1"]

1. d4 Nf6 2. c4 g6 3. Nc3 Bg7 4. e4 d6 5. f3 O-O 6. Be3 c5 7. Nge2 Nc6 8. Qd2
Qa5 (8... a6 9. d5 (9. O-O-O cxd4 (9... Qa5 10. Kb1 e6 11. Bh6 (11. d5 Ne5 (
11... exd5 12. Nxd5 Nxd5 13. cxd5 Qxd2 14. Bxd2 Ne5 15. Ng3 h5 16. h4 Bd7 17.
Be2 Bb5 18. Bc3 Bxe2 19. Nxe2 b5 20. Rhe1 Rfe8 21. Nc1 Ra7 22. Nd3 Rae7 23.
Bxe5 Bxe5 24. f4 Bd4 25. e5 dxe5 26. d6 {Haik,A-Renet,O/French tch/1992/0.5 
(32)}) 12. Nc1 b5 13. cxb5 axb5 14. Nxb5 Qb6 15. dxe6 Bxe6 16. Qc2 Qa5 17. a3
Rfb8 18. Bd2 Qa6 19. a4 d5 20. Bf4 Nh5 21. Bxe5 Bxe5 22. Nd3 Rxb5 23. Nxe5 c4
24. exd5 Bf5 25. Qxf5 gxf5 26. axb5 {Zsinka,L-Hazai,L/HUN-chT 9192/1991/0-1 
(30)}) 11... b5 12. Bxg7 Kxg7 13. dxc5 b4 14. Nd5 exd5 15. cxd5 dxc5 16. dxc6
Be6 $1 17. b3 $1 Rfd8 18. Qc2 Rxd1+ 19. Qxd1 Rd8 20. Qc1 $1 Rd3 $1 21. Qc2 c4
$1 22. Nf4 cxb3 $1 23. Nxe6+ fxe6 24. axb3 Rc3 25. Qb2 Rxc6 26. Bc4 {Gheorghiu,
F-Piket,M/Lugano op (3)/1989/1-0 (33)}) 10. Nxd4 Nxd4 11. Bxd4 Be6 {0,5/
Gheorghiu-Hazai/Warzaw zt/1987/}) (9. dxc5 dxc5 10. Qxd8 Rxd8 11. Bxc5 Nd7 12.
Be3 Nde5 (12... b5 13. O-O-O bxc4 14. Nf4 $16 {Alterman,V-Shirov,A/USSR/1988/})
13. Nf4 Nb4 14. Rc1 Be6 15. Bc5 a5 16. Bxe7 Rd7 17. Bxb4 axb4 18. Ncd5 Rxa2 19.
Rb1 b3 20. Be2 Nc6 21. Nd3 Na5 22. Bd1 b5 23. cxb5 Bxd5 24. exd5 Rxd5 25. Be2
Rxb5 26. O-O {Novikov,I-Wojtkiewicz,A/Debrecen (11)/1990/0.5 (35)}) (9. Rd1 Qa5
(9... cxd4 10. Nxd4 Nxd4 11. Bxd4 Be6 12. Be2 Qa5 13. O-O Rfc8 14. Nd5 Qxd2 15.
Rxd2 Nxd5 16. exd5 Bxd4+ 17. Rxd4 Bd7 18. Re1 b5 {0,5/Benjamin,J-Polgar,Zu/San
Francisco (1)/1991/}) 10. d5 Ne5 11. Nc1 b5 12. cxb5 axb5 13. Bxb5 Ba6 14. Bxa6
Rxa6 15. Qe2 Rb6 16. O-O Rfb8 17. Rd2 Qb4 18. Rc2 R6b7 19. Rd1 Qa5 20. h3 Ned7
21. Kh2 Ne8 22. Nd3 Nc7 23. f4 Na6 24. a3 Rb3 25. Nc1 R3b7 26. Nd3 {
Kupreichik-Smirin/Sverdlovsk (2)/1987/1-0 (39)}) 9... Ne5 10. Ng3 Qa5 11. f4
Ned7 12. h3 Ne8 13. a4 b5 14. cxb5 Nc7 15. Kf2 Nb6 16. Be2 axb5 17. axb5 Qxa1
18. Rxa1 Rxa1 19. b4 cxb4 20. Nd1 Nca8 21. Qxb4 Bd7 22. Nc3 Rc8 23. e5 dxe5 24.
fxe5 Bxe5 25. Nge4 Bf5 26. Qxe7 {Kortschnoj,V-Zueger,B/Bern Training (6)/1992/
1-0 (29)}) (8... cxd4 9. Nxd4 Nxd4 10. Bxd4 Be6 11. Be2 (11. Nd5 Bxd5 12. exd5
Qc7 13. Be2 a5 14. h4 Rfe8 15. O-O-O b5 16. Kb1 bxc4 17. Rc1 Qb7 18. Bxc4 a4
19. h5 Nxh5 20. Bxg7 Kxg7 21. g4 Nf6 22. Qh6+ Kh8 23. g5 Rab8 24. Rc2 Nh5 25.
Bd3 f5 26. Bxf5 {Hoi,C-Mortensen,E/DEN-ch (07)/1992/1-0 (53)}) 11... Qa5 12.
Rc1 (12. b3 Rfc8 13. Rb1 Nd7 14. Bxg7 Kxg7 15. O-O $14 {Knaak-Kindermann
Hamburg 1991} (15. O-O Nf6 16. Kh1 a6 17. a4 Qb4 18. Qb2 Kg8 19. Na2 Qc5 20.
Qd2 a5 21. Nc3 Bd7 22. f4 Bc6 23. Bf3 e5 24. Rbd1 exf4 25. Qxf4 Qe5 26. Qd2 {
Knaak,R-Kindermann,S/Hamburg SKA/1991/1-0 (51)})) (12. O-O Rfc8 13. b3 b5 14.
b4 Qxb4 15. Rab1 Qa5 16. Rxb5 Qd8 17. Nd5 Nd7 18. Bxg7 Kxg7 19. f4 Bxd5 20.
cxd5 Rab8 21. Qd4+ Kg8 22. Rxb8 Rxb8 23. Bg4 Nc5 24. e5 Qa5 25. exd6 exd6 26.
f5 {Novikov-Glek /Tashkent 1L/1984/0-1 (37)}) (12. Rd1 Rfc8 13. b3 a6 14. a4
Nd7 15. Bxg7 Kxg7 16. O-O f6 17. Nd5 Qxd2 18. Rxd2 Bxd5 19. Rxd5 Nc5 20. Rb1 a5
21. Bd1 Ra6 22. Bc2 Kf7 23. Kf2 Rb6 24. h4 e6 25. Rd2 e5 26. Rd5 {Lauvas,
D-Hansen,Su/Gausdal Int (9)/1990/0-1 (72)}) 12... a6 13. b3 Rfb8 14. O-O b5 15.
c5 Qb4 16. Rfd1 dxc5 17. Be3 Ra7 18. Nd5 Qxd2 19. Nxf6+ Bxf6 20. Rxd2 Bd4 21.
Bxd4 cxd4 22. Rxd4 a5 23. Rc5 a4 {Timman,J-Ivanchuk,V/Reykjavik WCup (02)/1991/
0.5 (24)}) (8... b6 9. d5 (9. Rd1 e6 10. g3 (10. d5 Ne5 11. b3 (11. Ng3 exd5
12. cxd5 h5 (12... a6 13. a4 Bd7 14. Be2 Qb8 15. O-O b5 16. axb5 axb5 17. Kh1
h5 18. f4 Neg4 19. e5 Nxe3 20. exf6 Nxf1 21. Rxf1 Bxf6 22. f5 Qd8 23. Nce4 h4
24. Nxf6+ Qxf6 25. Ne4 Qg7 26. f6 {Dao,T-Shaked,T/Duisburg WchJM-U14 (05)/1992/
1-0 (102)}) 13. Be2 h4 14. Nf1 Nh7 15. f4 Ng4 16. h3 Nxe3 17. Nxe3 f5 18. exf5
gxf5 19. O-O a6 20. Kh2 b5 21. Bd3 Qf6 22. a4 c4 23. Bb1 Rb8 24. axb5 axb5 25.
Qf2 Bd7 26. Rfe1 {Christiansen,L-Benjamin,J/Jacksonville ch-US m (1)/1990/1-0 
(45)}) 11... Ne8 12. Nf4 Qf6 13. Nb1 Qe7 14. Be2 f5 15. dxe6 fxe4 16. fxe4 Bxe6
17. O-O Rd8 18. Nc3 Nf6 19. Ncd5 Nxd5 20. exd5 Bc8 21. Rde1 Rde8 22. Bd1 Qh4
23. g3 Qe7 24. Ng2 Rxf1+ 25. Rxf1 Rf8 26. Rxf8+ {Schwanek,C-Glavina,P/Buenos
Aires (11)/1990/0.5 (63)}) (10. Bg5 h6 11. Bxh6 Nxe4 12. Nxe4 Qh4+ 13. g3 Qxh6
14. Qxh6 Bxh6 15. Nxd6 cxd4 16. Nxd4 Nxd4 17. Rxd4 Ba6 18. Rd1 Bg7 19. b3 Rfd8
20. Bg2 f5 21. f4 Rab8 22. a4 Bf8 23. Nb5 Bxb5 24. axb5 Rxd1+ 25. Kxd1 Rd8+ 26.
Ke2 {Beliavsky,A-Ivanchuk,V/Reykjavik WCup (08)/1991/0.5 (39)}) 10... Ba6 (
10... Re8 11. Bg2 e5 12. dxe5 dxe5 13. Nd5 Nxd5 14. exd5 Nd4 15. O-O Nxe2+ 16.
Qxe2 f5 17. Qd2 Qd6 18. Rfe1 Bd7 19. b3 Rf8 20. a3 a5 21. f4 e4 {Mishra,
N-Umanskaya,I/Calcutta (07)/1992/0.5 (22)}) 11. b3 Re8 12. Kf2 d5 13. e5 cxd4
14. Bxd4 Nd7 15. cxd5 Ncxe5 16. Nf4 Bb7 17. Be2 exd5 18. Nfxd5 Nf6 19. Nf4 Qe7
20. Rhe1 Rad8 21. Qc1 g5 22. Bb5 Rxd4 23. Rxd4 Nfg4+ 24. Kf1 Nxh2+ 25. Kg2
Nhxf3 26. Nfd5 {Gheorghiu,F-Shirov,A/Moscow GMA-op (5)/1989/0-1 (28)}) 9... Ne5
10. b3 $6 (10. Ng3 h5 $1 11. Be2 h4 12. Nf1 a6 {Timoschenko,G 2455-Lanka,Z
2420, SSSR 1988} 13. Bh6 $13) 10... e6 11. dxe6 fxe6 12. Rd1 $6 Nh5 $1 $17 13.
Bg5 Qe8 14. Qxd6 Nf7 15. Qd2 Nxg5 16. Qxg5 Nf4 $2 17. Nb5 $1 $13 h6 18. Qg4 e5
19. Qg3 Qe7 $1 $8 20. Nbc3 Be6 21. Qf2 Rad8 22. Nd5 Bxd5 23. cxd5 c4 24. Nc1 $1
$8 Qb4+ 25. Qd2 c3 26. Qc2 {Ljubojevic,Lj-Timman,J/Delft (m/2)/1989/0-1 (44)})
(8... e6 9. O-O-O (9. dxc5 dxc5 10. Bxc5 Qxd2+ 11. Kxd2 Rd8+ 12. Kc2 b6 13. Be3
Ba6 14. Ng3 Nb4+ 15. Kb3 Nd3 16. Be2 Rac8 17. Rad1 Bxc4+ 18. Kc2 Ne5 19. Rxd8+
Rxd8 20. Rd1 Rxd1 21. Nxd1 Nfd7 22. b3 Bxe2 23. Nxe2 Nc6 24. Ndc3 Kf8 {Miles,
A-Rogers,I/Mendrisio open (5)/1989/0.5 (25)}) (9. h4 b6 10. Rd1 Ba6 11. b3 Re8
12. Bg5 cxd4 13. Nxd4 Nxd4 14. Qxd4 h6 15. Bd2 d5 16. Qf2 Qc8 17. Rc1 dxe4 18.
Nxe4 Nxe4 19. fxe4 Bb7 20. Bd3 f5 21. Qe2 Qc6 22. Be3 fxe4 23. Bb1 Rf8 24. Qg4
Kh7 25. h5 g5 26. Rd1 {Bekker Jensen,D-Krakops,M/Duisburg WchJM-U14 (03)/1992/
0-1 (45)}) 9... Nd7 (9... Qe7 10. Kb1 e5 11. dxc5 dxc5 12. Bg5 Nd4 13. Nd5 Qd6
14. Nxd4 cxd4 15. c5 Qd8 16. Bc4 Be6 17. Rc1 Rc8 18. Bb3 b6 19. cxb6 Bxd5 20.
Bxd5 Qxb6 21. Bb3 Nd7 22. Rxc8 Rxc8 23. Rc1 Nc5 24. Qc2 Bf6 25. Bd2 Kg7 26. Bd5
{Novikov,I-Romero Holmes,A/Pamplona/1990/0-1 (40)}) (9... b6 10. h4 h5 11. Kb1
Bb7 12. Bh6 Qe7 13. Bg5 Rfd8 14. d5 Ne5 15. Nf4 Rd7 16. Be2 Qe8 17. g4 hxg4 18.
Bxf6 Bxf6 19. fxg4 Bg7 20. h5 Rb8 21. hxg6 Nxg6 22. Nh5 exd5 23. exd5 Qe5 24.
Bd3 Ba6 25. Rde1 Qd4 26. Re4 {Hoi,C-Mortensen,E/Gausdal Int (2)/1990/1-0 (29)})
10. Bh6 Bxd4 11. Nxd4 cxd4 12. Nb5 e5 13. Nxd6 Nc5 14. Bxf8 Qxf8 15. Nxc8 Rxc8
16. Kb1 a5 17. h4 Ra8 18. h5 a4 19. hxg6 fxg6 20. Qh6 Qe7 21. Qh4 Qc7 22. a3
Rf8 23. Be2 Rf7 24. g3 Qb6 25. Qg5 Qb3 26. Rc1 {Hoi,C-Shirov,A/Daugavpils/1990/
0.5 (47)}) 9. d5 Ne5 10. Nc1 a6 (10... Re8 11. Be2 e6 12. O-O exd5 13. cxd5 h5
14. a3 Bd7 15. N1a2 c4 16. h3 Qd8 17. Rae1 Bc8 18. Qc2 a6 19. f4 Ned7 20. Bxc4
b5 21. Bd3 Bb7 22. Qf2 Rc8 23. Bd4 Nc5 24. Bc2 a5 25. b4 axb4 26. axb4 {
Jacobsen,O-Sziva/Naestved op (7)/1988/1-0 (49)}) 11. Be2 (11. a4 e6 12. Ra3
exd5 13. cxd5 Nh5 14. Be2 f5 15. exf5 gxf5 $13 {Spassky,B-Polgar,J/Budapest m/
1993/}) 11... Bd7 {b7-b5} (11... b5 12. cxb5 axb5 13. Nxb5 $14 (13. Bxb5 Ba6
$44)) 12. a4 Qb4 13. b3 (13. N1a2 Nxc4 14. Qd3 (14. Qc1 Qb3 $17) 14... Nxe3 15.
Nxb4 Nxg2+ 16. Kf2 Nf4 $15) 13... e6 14. N1a2 Qa5 (14... Qxb3 15. Rb1 Qa3 16.
Qc2 $16) 15. dxe6 (15. O-O exd5 16. cxd5 b5 $132) 15... Bxe6 16. Qxd6 Nfd7 {
/\ Nc4/Nf3+} 17. Kf2 (17. Qd2 Rad8 $44) 17... Nc6 18. Rac1 Nd4 (18... Rad8 19.
Nd5 Be5 20. Ne7+ Nxe7 21. Qxe7) 19. b4 Qb6 20. Qxb6 Nxb6 21. bxc5 Nxe2 22. Nxe2
Nxc4 23. Bd4 Rac8 (23... Nb2 $5 {/\ Nd3+/Na4} 24. Bxb2 (24. Bxg7 Kxg7 25. Rc2
Nxa4 26. Nb4 Rac8 $10) (24. Nb4 Nxa4) 24... Bxb2 25. Rc2 Ba3 $44 (25... Bg7 $14
)) 24. Nb4 Rfd8 $6 (24... Bxd4+ 25. Nxd4 Rxc5 26. Nd3 (26. Nxe6 fxe6 27. Rc3 $2
Nd2 $1 $17) 26... Rc7 27. Nxe6 (27. Nf4 Re8) 27... fxe6 28. Rc3 $14) 25. Bxg7
Kxg7 26. c6 $1 $14 bxc6 27. Nf4 (27. Nxa6 $6 c5) 27... Rd2+ 28. Kg3 Nb2 29.
Nxe6+ fxe6 30. Rxc6 Rxc6 31. Nxc6 Nxa4 32. Ra1 $16 {(+)a6,(+)e6} Nc5 33. Ra5
Rc2 34. Nb4 Rc3 {/\ Ne4+} 35. Kf4 Kf6 36. e5+ (36. Nxa6 Nxa6 (36... g5+ 37. Kg4
h5+ $2 (37... Nd3 $2 38. Rxg5 Ne5+ 39. Kh5 $18) 38. Kxh5 Nxa6 39. Rxa6 Rc2 40.
g3 Rxh2+ 41. Kg4 $16) 37. Rxa6 Rc2 $10) 36... Kg7 37. Nxa6 Nb3 (37... Nxa6 38.
Rxa6 Rc2 39. Kg3 Kf7 40. Ra7+ Kg8 41. Re7 Rc6 42. Kg4 $16) (37... Nd3+ 38. Ke4
$16) (37... Rc4+ 38. Ke3 $16 (38. Kg3 Nd3 39. Rb5 h5 $14) 38... Nxa6 39. Rxa6
Rc2 40. g4 Rxh2 41. Rxe6 $16) 38. Rb5 Nd4 39. Rb7+ Kh6 40. Rc7 $1 Ra3 41. Nc5
Rc3 42. g4 g5+ (42... Nxf3 43. Nxe6 Rxc7 44. Nxc7 Nxh2 45. e6 $18) 43. Ke4 Nxf3
44. Nxe6 Rxc7 45. Nxc7 Nxh2 46. Kf5 {e5-e6-e7-e8} Nxg4 $2 (46... Kg7 $8 47.
Ne6+ (47. e6 Kf8) 47... Kg8 48. Nxg5 $16) 47. Kxg4 Kg6 48. Kf3 h5 49. Ke4 h4
50. Nd5 h3 51. Ne7+ Kf7 52. Nf5 $18 Ke6 53. Ng3 1-0